00229nam a2200097Ia 4500008004100000082001400041100001900055245002400074260001800098600001500116241002s9999 xx 000 0 und d a808.3 ORW aOrwell, George 0aNinteen Eighty Four aLondon:c1967 aLiterature